[Event "Balkan Youth Online-ch 2020"]
[Site "Online"]
[Date "2020.10.31"]
[Round "3.30"]
[White "Zlatkov, Anton"]
[Black "Smirnov, Grigorii"]
[Result "1-0"]
[WhiteElo "2032"]
[BlackElo "1413"]
[Annotator "TA"]
[PlyCount "113"]
[EventDate "2020.10.31"]
[EventType "swiss"]
[SourceTitle "playchess.com"]
[Source "ChessBase"]
[SourceQuality "1"]

{[%evp 10,113,53,44,85,35,37,37,37,37,49,41,35,39,40,29,38,18,9,8,46,42,68,64,67,65,77,43,38,21,11,-14,54,52,65,43,71,65,71,58,71,41,46,0,0,-4,220,55,210,214,287,178,181,173,1275,1168,1434,1306,29988,1041,1079,1074,5623,5547,6187,1439,1445,1420,29979,29980,6616,6027,2367,1125,29984,29985,29985,1220,29987,2130,2130,2125,2084,1984,2081,2101,2030,2042,1970,1909,2225,2133,2883,2824,29980,9123,5302,5293,29983,29984,29986,29987,29988,29989,29989,29989]} 1. d4 Nf6 2. c4 g6 3. Nc3 Bg7 4. Nf3 c6 5. Bg5 d5 6. e3 Bf5 {D91: Grünfeld: 4 Nf3 Bg7 5 Bg5.} 7. Bd3 Bxd3 8. Qxd3 {[#]} e6 $146 {White is slightly better.} ({Predecessor:} 8... O-O 9. O-O Qb6 10. c5 Qc7 11. b4 b6 12. a4 bxc5 13. bxc5 Nbd7 14. Rab1 Rab8 {1-0 (65) Hradil,V (1767)-Biza,M (1741) Valasska Bystrice 2017}) 9. O-O O-O 10. e4 {And now e5 would win.} dxe4 11. Nxe4 Nbd7 12. Rad1 h6 13. Bf4 Nxe4 14. Qxe4 Nf6 15. Qe3 Qb6 16. b3 ({But not} 16. Bxh6 $2 Ng4 $19) 16... g5 17. Bg3 Qa5 18. Rd2 Qf5 19. Ne5 Rad8 20. f4 g4 (20... Qe4 $11 21. Qf2 Qh7) 21. Bh4 $14 Ne4 22. Re2 Nf6 23. Ree1 Rd6 24. Rd1 Rfd8 25. c5 Rd5 $1 26. Nc4 R8d7 27. Nd6 Qc2 $2 {[#] White now steadily converts the win.} (27... R5xd6 $11 28. cxd6 Nd5) 28. Rd2 $2 (28. f5 $1 $18 {[%mdl 512]} R7xd6 (28... exf5 29. Bxf6) 29. cxd6) 28... Qh7 $2 {[#]} (28... Qg6 $14) 29. f5 $1 $18 {[%cal Rf5e6][%mdl 512]} Re7 (29... exf5 30. Bxf6) 30. Qf4 {aiming for Re2.} e5 31. dxe5 Nh5 $2 (31... Rexe5 32. Rxd5 Nxd5) 32. Qxg4 Rexe5 33. Rxd5 Rxd5 34. Qxh5 (34. Re1 $142 Rd1 35. Rxd1 Nf4 36. Qxf4 a5 37. Nxb7 Bd4+ 38. Rxd4 Qg7 39. Qg4) 34... Bd4+ 35. Kh1 Bxc5 36. Ne4 {White threatens Nf6+ and mate.} Bd4 37. Bf6 {Bxd4 is the strong threat.} Kf8 {[#]} 38. Ng5 $1 Qg8 (38... hxg5 39. Qxh7) 39. Qxh6+ Ke8 40. Bxd4 Rxd4 41. Qf6 Rd5 42. Re1+ Kd7 43. Nxf7 (43. Qe7+ $142 Kc8 44. Nxf7 Kb8 45. Nd6 Rxd6 46. Qxd6+ Ka8 47. Qd7 a5 48. Re8+ Qxe8 49. Qxe8+ Ka7 50. f6) 43... Qf8 44. Qe6+ (44. Ne5+ $142 Rxe5 45. Rd1+ (45. Qxf8 $2 {leads to mate.} Rxe1#) 45... Kc7 46. Qxf8 Kb6 47. Qd8+ Ka6 48. f6 Re6 49. f7) 44... Kc7 45. Qe7+ Qxe7 46. Rxe7+ {[%mdl 4096] Endgame KRN-KR} Kb6 47. g4 Rd1+ 48. Kg2 Rd2+ 49. Kg3 Rxa2 50. g5 Ra3 51. Re3 c5 52. Ne5 Ra1 53. Re2 Rb1 54. g6 {White mates.} Rxb3+ 55. Kf4 Rb1 56. g7 Rg1 57. Ng6 {Av CentiPawn Loss W=-152/B=358. Weighted=-186/10} 1-0

[Event "Balkan Youth Online-ch 2020"]
[Site "Online"]
[Date "2020.10.31"]
[Round "3.31"]
[White "Gregoric, Andraz"]
[Black "Xhembulla, Aleksander"]
[Result "1/2-1/2"]
[WhiteElo "2037"]
[BlackElo "1739"]
[Annotator "TA"]
[PlyCount "67"]
[EventDate "2020.10.31"]
[EventType "swiss"]
[SourceTitle "playchess.com"]
[Source "ChessBase"]
[SourceQuality "1"]

{[%evp 11,67,-8,-4,-120,-41,-201,-44,-126,-37,-147,-70,-151,-16,0,-6,-109,-116,-114,-125,-247,-238,-236,-230,-233,-239,-249,-240,-366,-364,-356,-354,-340,-334,-336,-6,-4,0,0,0,0,0,0,0,0,0,0,0,0,0,0,0,0,0,0,0,0,0,0]} 1. e3 d5 2. f4 Nf6 3. Nf3 g6 4. b3 Bg7 5. Bb2 O-O 6. Be2 c5 7. d3 {[#] A03: Bird's Opening with 1...d5.} (7. O-O $11 {remains equal.}) 7... Nc6 (7... d4 $1 $17 {[%mdl 512]} 8. exd4 Ng4) 8. h3 $2 (8. Ne5 $15) 8... b6 $2 (8... d4 $19 {White must now prevent ...Nd5.} 9. e4 Nh5) 9. O-O (9. Ne5 $15 Nxe5 10. Bxe5) 9... Bb7 ({Black should play} 9... Ng4 $1 $17 10. Bxg7 Nxe3 {[%mdl 64] Double Attack}) 10. Nbd2 {[#]} (10. Qe1 $15) 10... Qc7 (10... Ng4 $1 $17 {[%cal Rg4e3][%mdl 512]} 11. hxg4 (11. Bxg7 $2 Nxe3 {[%mdl 64] Double Attack} 12. Qc1 Kxg7 $19) 11... Bxb2) 11. Qe1 {[#]} ({Better is} 11. Ne5 $15) 11... Nd7 $146 (11... d4 $1 $17 {[%mdl 512]} 12. exd4 Nd5) ({Predecessor:} 11... Rfd8 12. Ne5 Rdc8 13. Ndf3 Re8 14. Rb1 Nd7 15. Nxd7 Qxd7 16. Bxg7 Kxg7 17. g4 f6 {0-1 (51) Huemmecke,M (1401)-Gerntke,O (1747) Willingen 2007}) 12. Bxg7 $11 Kxg7 13. e4 (13. Rc1 $11 {keeps the balance.}) 13... Qxf4 $17 14. exd5 Nb4 $36 {[%mdl 2048] Black is in control.} 15. c4 (15. Nc4 $17 Nxc2 16. Qc3+ Nd4 17. Nxd4 Qxd4+ 18. Qxd4+ cxd4 19. Bf3) 15... Nc2 $1 $19 {[%csl LRa1,LRe1][%mdl 64] Double Attack} 16. Qc1 Nxa1 17. Qxa1+ Kg8 18. Ne4 e6 19. Nfg5 (19. Nh2 $142 Qe3+ {[%mdl 64] Double Attack} 20. Rf2) 19... Qe3+ {[%mdl 64] Double Attack} 20. Rf2 exd5 21. Nf6+ Nxf6 22. Qxf6 Qe8 $2 {[#]} (22... Qd4 $19 {And now ...Qxf6 would win.} 23. Qxd4 cxd4 24. cxd5 Bxd5) 23. Nxh7 $1 $11 {[%mdl 512] The position is equal.} Kxh7 24. Rf4 $1 {[%cal Rf4h4] White wants to mate with Rh4+.} Qxe2 25. Rh4+ {[#]} Qh5 $1 {[%cal Rh5h4]} 26. Rxh5+ gxh5 27. Qf5+ {[%mdl 64] Double Attack} Kg7 {Threatens to win with ...f6.} 28. Qg5+ Kh7 29. Qxh5+ Kg7 30. Qg5+ Kh7 31. Qf5+ Kg7 {Threatening ...Rfd8.} 32. Qg5+ Kh7 33. Qh5+ Kg7 34. Qg5+ {Black had all chances to win. Av CentiPawn Loss W=-35/B=-33. Weighted=-44/-53} 1/2-1/2

[Event "Balkan Youth Online-ch 2020"]
[Site "Online"]
[Date "2020.10.31"]
[Round "3.32"]
[White "Skrbec, Leon"]
[Black "Guri, Adrian"]
[Result "1-0"]
[WhiteElo "1964"]
[BlackElo "1611"]
[Annotator "TA"]
[PlyCount "59"]
[EventDate "2020.10.31"]
[EventType "swiss"]
[SourceTitle "playchess.com"]
[Source "ChessBase"]
[SourceQuality "1"]

{[%evp 27,59,45,45,45,57,45,50,8,27,34,50,22,43,22,54,60,103,106,115,108,135,0,0,0,157,143,155,144,148,130,166,145,143,122]} 1. e4 c5 2. Nf3 g6 3. d4 cxd4 4. Nxd4 Nc6 5. c4 Bg7 6. Be3 Nf6 7. Nc3 O-O 8. f3 d6 9. Be2 Bd7 10. O-O Nxd4 11. Bxd4 Bc6 12. Rc1 a5 13. Be3 Nd7 14. Qd2 Nc5 15. Rfd1 {[#] B38: Sicilian: Maroczy Bind with 5...Bg7 and 7...0-0.} Be5 $146 ({Predecessor:} 15... a4 16. Rc2 Be5 17. Bh6 Re8 18. Be3 e6 19. Bg5 f6 20. Be3 Qe7 {½-½ (49) Gesicki,J (2223)-Czerw,D (2275) Poronin 2020}) 16. Bh6 Re8 17. Qc2 {White is slightly better.} Ne6 18. Be3 Qc7 19. Qb1 Nc5 20. Nd5 Bxd5 21. cxd5 b6 22. Bb5 $36 {[%mdl 2048] Keeping Black busy.} Red8 23. a3 Qa7 24. b4 (24. f4 $16 Bg7 25. b3) 24... axb4 $11 25. axb4 Nd7 $2 {[#]} (25... Qa3 $11 26. Re1 Na4) 26. Bc6 $16 Rab8 27. Qd3 Rdc8 28. Qb3 Rc7 29. Rc2 {[#] Threatens to win with Ra2.} Qa6 30. Rdc1 {Av CentiPawn Loss W=-19/B=-26. Weighted=-22/-25} 1-0

[Event "Balkan Youth Online-ch 2020"]
[Site "Online"]
[Date "2020.10.31"]
[Round "3.33"]
[White "Dobre, Radu-Fabian"]
[Black "Shtavica, Alaudin"]
[Result "1-0"]
[WhiteElo "2050"]
[BlackElo "1323"]
[Annotator "TA"]
[PlyCount "69"]
[EventDate "2020.10.31"]
[EventType "swiss"]
[SourceTitle "playchess.com"]
[Source "ChessBase"]
[SourceQuality "1"]

{[%evp 15,68,0,27,25,19,23,45,50,43,44,66,69,66,73,92,97,124,124,114,100,132,86,133,75,72,68,96,75,611,618,615,610,613,586,611,606,620,633,737,734,4998,5223,4998,4914,843,841,858,785,770,769,29985,29980,29992,29993,29999]} 1. e4 e5 2. Nf3 Nc6 3. Bc4 Nf6 4. d3 h6 5. Bb3 Bc5 6. O-O O-O 7. Nbd2 {[%cal Bb1d2,Bd2f1,Bf1g3][%mdl 32]} d6 8. c3 Bg4 9. h3 {C54: Giuoco Piano: 4 c3 Nf6, main lines with 5 d4 and 5 d3.} Bh5 10. Re1 Nh7 11. Nf1 {White is slightly better.} Kh8 12. Ng3 Bg6 13. d4 exd4 14. cxd4 {[#]} Bb4 $146 ({Predecessor:} 14... Bb6 15. Bf4 Qf6 16. Be3 Rfe8 17. Bc2 Nf8 18. a3 Rad8 19. Qd2 Bh7 20. Nh5 Qg6 {1-0 (30) Chomicka,K (1254)-Zniszczol,W (1584) Drzonkow 2017}) 15. Bd2 Re8 16. Bxb4 Nxb4 17. Qd2 Nc6 18. Rad1 a5 19. a3 ({White should try} 19. Ba4) 19... Nf6 $16 {[%cal Rf6e4]} 20. Qf4 d5 {[%cal Rf6e4]} 21. exd5 {[%mdl 64] Overworked Piece} (21. Ne5 {keeps more tension.} a4 22. Ba2 Rf8 23. Nxg6+ fxg6 24. Qd2) 21... Nxd5 $2 {[%mdl 8192] Now Black is done in.} (21... Ne7 $16) 22. Rxe8+ $18 {[%mdl 64] Overworked Piece} Qxe8 23. Bxd5 Qd7 24. Bxc6 Qxc6 25. Rc1 Qb6 26. Rxc7 Qxb2 27. Ne5 Rd8 28. Nxf7+ Bxf7 29. Qxf7 {[%csl Gc7][%cal Rf7g7]} Qxd4 {[#]} 30. Nf5 $1 Qa1+ {[#]} 31. Kh2 $1 {[%cal Rf5g7]} Qe5+ 32. g3 {[%cal Rf5g7]} Rg8 {[#]} 33. Nxh6 $1 {[%csl Gh6][%cal Rf7g8] White mates.} Rd8 (33... gxh6 34. Qh7#) 34. Nf5 Rg8 35. Qh5# {Av CentiPawn Loss W=99/B=58. Weighted=49/-32} 1-0

[Event "Balkan Youth Online-ch 2020"]
[Site "Online"]
[Date "2020.10.31"]
[Round "3.34"]
[White "Magold, Victor"]
[Black "Budisavljevic, Luka"]
[Result "0-1"]
[WhiteElo "2045"]
[BlackElo "2454"]
[Annotator "TA"]
[PlyCount "168"]
[EventDate "2020.10.31"]
[EventType "swiss"]
[SourceTitle "playchess.com"]
[Source "ChessBase"]
[SourceQuality "1"]

{[%evp 9,168,22,42,21,8,-29,-16,-18,-18,-22,-22,-30,-30,-30,-22,-28,18,18,18,8,14,9,27,20,20,20,41,36,41,46,42,29,92,64,68,43,176,47,66,4,25,32,33,26,34,41,39,0,0,0,0,-17,-14,-31,-26,-60,-51,-58,-60,-56,-19,-50,-33,-25,0,0,0,-6,0,0,0,0,0,0,0,0,0,0,0,0,0,0,0,0,0,-41,-35,-86,-86,-89,-96,-130,-130,-130,-130,-130,-130,-130,-130,-130,-130,-130,-130,-130,-130,-130,-130,-130,-130,-130,-101,-114,-114,-115,-115,-115,-115,-115,0,-108,-122,-547,-547,-833,-808,-749,-730,-840,-770,-955,-910,-832,-755,-1188,-833,-584,-576,-1321,-1222,-1339,-1326,-1856,-1816,-1816,-1596,-1545,-1483,-29956,-10081,-29967,-29959,-29980,-29980,-29980,-29982,-29983,-29984,-29986,-29987,-29987,-29986]} 1. d4 Nf6 2. Nf3 c5 3. d5 e6 4. Nc3 exd5 5. Nxd5 Be7 6. c4 {A43: Schmid Benoni.} Nxd5 7. Qxd5 Nc6 8. e4 {The position is equal.} d6 9. Be2 Be6 10. Qd1 Bf6 11. O-O O-O 12. Rb1 {[%cal Ba1b1,Bb1b2,Bb2d2][%mdl 32]} Nd4 {[#]} 13. Nxd4 $146 ({Predecessor:} 13. Ne1 Nxe2+ 14. Qxe2 Re8 15. Qd3 Qe7 16. Nc2 b5 17. b3 bxc4 18. bxc4 Rab8 19. Bf4 {½-½ (25) Ribes Peris,A-Bares Partal,J (1943) Cullera 2005}) 13... Bxd4 14. b3 Qf6 15. Qd3 Qg6 16. Bb2 Bxb2 17. Rxb2 Rad8 18. Rd2 Rfe8 19. Rfd1 Bc8 20. Bf3 Re6 (20... b6 $11) 21. g3 Rde8 22. Qd5 Rf6 {[#]} (22... Qf6 $14 23. Bg2 Qe7) 23. Bh5 (23. e5 $1 $18 {[%cal Re5f6][%mdl 512]} Rxf3 (23... dxe5 24. Qxc5) 24. Qxf3) 23... Qh6 $1 $14 24. h4 (24. e5 $14 Rfe6 25. Qf3 (25. exd6 g6 $16)) 24... g6 (24... Kf8 $5 {[%cal Re8e5]}) 25. Be2 Re5 26. Qd3 g5 27. hxg5 Rxg5 28. Qe3 Rxg3+ $1 29. Qxg3+ {[%mdl 64] Double Attack} Rg6 30. Rd3 (30. Bf3 {seems wilder.} Rxg3+ 31. fxg3 Qe3+ 32. Kg2 Bh3+ 33. Kxh3 Qxf3 34. Re1) 30... Qf4 31. Qxg6+ hxg6 32. Re3 Be6 33. Rdd3 Kf8 34. Bf1 Qe5 35. a4 Ke7 36. Bh3 Bxh3 37. Rxh3 $11 {[%mdl 4096] Endgame KQ-KRR} Kd7 38. Rhf3 Qe6 39. e5 Qxe5 40. Rxf7+ Kc6 41. Rff3 a6 42. Kf1 b5 43. axb5+ axb5 44. cxb5+ Kxb5 45. Rfe3 Qa1+ 46. Ke2 Qf6 47. Rf3 Qb2+ 48. Rd2 (48. Kf1 $15) 48... Qe5+ $17 49. Re3 Qh5+ 50. Rf3 d5 51. Rdd3 d4 52. Kf1 Qd5 53. Rg3 Qh1+ 54. Ke2 Qe4+ 55. Kd2 Kb4 56. Kd1 {[#]} g5 $1 {[%mdl 512]} 57. Kd2 (57. Rxg5 Qxd3+) 57... g4 58. Kd1 Kb5 59. Rd2 Kc6 60. Rgd3 Qh1+ 61. Kc2 Qa1 62. Rg3 Kd5 63. Rgd3 Kc6 {Hoping for ...Kb5.} 64. Rg3 Kb5 {And now ...Kb4 would win. Black continues to play with concentration.} 65. Rgd3 $2 {[%mdl 8192]} (65. Rdd3 $17) 65... Kb4 $19 66. Rg3 {[#]} Ka3 $1 67. Re2 Qf1 68. Kd2 Qb1 69. Re1 Qb2+ 70. Kd3 Qxf2 71. Rgg1 Qf3+ 72. Kc4 Qc3+ 73. Kd5 Kb4 74. Rb1 Qf3+ 75. Ke5 d3 76. Rgf1 Qe3+ 77. Kf5 g3 78. Kg4 d2 79. Ra1 g2 {Black mates.} 80. Rg1 Qe2+ 81. Kh3 Kxb3 82. Kh2 c4 83. Rxg2 Qh5+ 84. Kg1 d1=Q+ {Av CentiPawn Loss W=-65/B=-32. Weighted=-68/-40} 0-1

[Event "Balkan Youth Online-ch 2020"]
[Site "Online"]
[Date "2020.10.31"]
[Round "3.35"]
[White "Krallis, Christos"]
[Black "Patrelakis, Evaggelos"]
[Result "0-1"]
[WhiteElo "2444"]
[BlackElo "2281"]
[Annotator "TA"]
[PlyCount "54"]
[EventDate "2020.10.31"]
[EventType "swiss"]
[SourceTitle "playchess.com"]
[Source "ChessBase"]
[SourceQuality "1"]

{[%evp 19,54,12,4,-56,-49,-58,-55,-138,-141,-134,4,0,0,-146,-133,-246,-245,-235,-240,-235,-235,-227,-239,-373,-358,-462,-435,-579,-577,-956,-932,-1310,-1293,-2408,-1022,-5504,-2636]} 1. Nf3 Nf6 2. c4 c5 3. g3 Nc6 4. Bg2 d5 5. cxd5 Nxd5 6. O-O e5 7. Nc3 Nc7 8. d3 Be7 9. Be3 Be6 10. Rc1 O-O 11. Na4 {A34: Symmetrical English: 2 Nc3, lines with ...d5.} (11. Nd2 $11) 11... b6 $15 12. a3 Nd5 {[#]} 13. b4 $146 (13. Bd2 $15) ({Predecessor:} 13. Bd2 Rc8 14. Nc3 f6 15. Nxd5 Bxd5 16. Qa4 a5 17. Bc3 Kh8 18. Rfd1 Re8 19. Nd2 Bxg2 20. Kxg2 {0-1 (72) Coleman,M (2212)-Wang,R (2409) ICC INT 2009}) 13... Nxe3 $17 14. fxe3 {[%cal Rb4c5]} Bd5 ({Black should play} 14... e4 $17 15. Nd2 Bg5) 15. bxc5 $11 Na5 16. Nd2 {[#]} (16. cxb6 $11 Bb3 17. Qd2 axb6 18. Nc3) 16... Bg5 $1 $17 17. e4 (17. Kh1 $17 {keeps fighting.}) 17... Bc6 $19 18. Nc3 Qd4+ {[%mdl 64] Double Attack} 19. Kh1 {[#] Black must now prevent Nf3.} Bxd2 $1 {[%mdl 64] Overworked Piece} (19... Qxc5 20. Rc2 $15) 20. Qxd2 Nb3 {[%mdl 64] Double Attack} 21. e3 (21. Qc2 {is a better defense.} Nxc1 22. Rxc1) 21... Qxc5 ({Not} 21... Nxd2 22. exd4 Nxf1 23. d5 $17) 22. d4 exd4 {Black is clearly winning.} ({Weaker is} 22... Nxd2 23. dxc5 Nxf1 24. Bxf1 $19) 23. Qc2 Qxc3 24. Qb1 Nxc1 {[%mdl 64] Discovered Attack} 25. Rxc1 Qxe3 26. Rxc6 d3 27. Rc3 Rac8 {Av CentiPawn Loss W=-143/B=-138. Weighted=-127/-98} 0-1

[Event "Balkan Youth Online-ch 2020"]
[Site "Online"]
[Date "2020.10.31"]
[Round "3.36"]
[White "Pobor, Milo"]
[Black "Velkoski, Stojan"]
[Result "1-0"]
[WhiteElo "2084"]
[BlackElo "1705"]
[Annotator "TA"]
[PlyCount "79"]
[EventDate "2020.10.31"]
[EventType "swiss"]
[SourceTitle "playchess.com"]
[Source "ChessBase"]
[SourceQuality "1"]

{[%evp 15,79,0,57,62,70,43,52,12,12,12,30,0,40,0,0,-19,-5,-37,6,-60,-63,-69,-52,-138,-129,-122,-116,-122,-126,-135,-112,-120,-115,-125,-139,-169,-134,-127,-148,-209,-188,-205,-175,-167,-77,-72,-81,-61,-37,-43,283,260,1310,1290,1168,639,623,609,783,782,873,654,1758,1352,2731,2564]} 1. e4 e6 2. d4 d5 3. Nc3 Bb4 4. e5 c5 5. a3 Bxc3+ 6. bxc3 Qa5 7. Bd2 Qa4 8. Nf3 Nc6 (8... Ne7 $11) 9. dxc5 $14 {C18: French: 3 Nc3 Bb4: Main line: 7 h4 and 7 Qg4.} Qe4+ 10. Be2 Nxe5 11. Nxe5 {White is slightly better.} Qxe5 12. O-O Nf6 {[#]} 13. Re1 $146 ({Predecessor:} 13. Bb5+ Bd7 14. Re1 Qc7 15. c4 Bxb5 16. cxb5 Qxc5 17. Be3 Qxb5 18. Bd4 Qc4 19. Rb1 b6 20. Rb4 Qc6 21. Qf3 Ke7 22. Bxf6+ gxf6 {0-1 (22) Seleznev,A-Kazankov,A (2065) Moscow 2008}) 13... Qc7 14. Be3 O-O 15. Bd3 e5 16. Bg5 e4 {Hoping for ...Ng4.} 17. Bf1 (17. Bxf6 $1 $11 gxf6 18. Bf1) 17... Ng4 $15 {[%csl Gg4][%cal Rc7h2]} 18. g3 Qxc5 (18... Be6 {is interesting.} 19. Be2 Ne5 20. Qd4 f6 21. Bf4 Rac8) 19. Qd2 ({Better is} 19. Qd4 $15 Qxd4 20. cxd4) 19... Ne5 $36 {[%mdl 2048] White must now prevent ...Nf3+. Black is in control.} 20. Be2 f6 21. Be3 Qc6 22. Red1 Rd8 23. Bd4 Be6 24. Rab1 b6 25. Qf4 Qd6 26. Qe3 Qxa3 27. Kg2 (27. Bxe5 $17 fxe5 28. Ra1) 27... Qd6 28. Ra1 Nc6 29. c4 {[#] aiming for cxd5.} Nxd4 (29... Ne7 $1 $19 {and Black stays clearly on top.} 30. cxd5 Bxd5) 30. Rxd4 Qe5 31. Rad1 Rac8 {And now ...Rc5 would win.} (31... Bf7 {with more complications.} 32. cxd5 f5 33. c4 Rd6 34. R4d2 Rf6) 32. cxd5 Rxd5 $2 {[%mdl 8192] Now Black is done in.} (32... Bf7 $15 {keeps the upper hand.}) 33. Rxe4 $18 Qd6 $2 (33... Re8) 34. Rxe6 {White is clearly winning.} Rxd1 35. Rxd6 Rxd6 36. Qe7 Rdc6 37. Bg4 Rb8 38. Qxa7 Re8 {[#]} 39. Bd7 $1 Re7 40. Qa8+ {Av CentiPawn Loss W=-56/B=-127. Weighted=-38/-107} 1-0

[Event "Balkan Youth Online-ch 2020"]
[Site "Online"]
[Date "2020.10.31"]
[Round "3.37"]
[White "Terziev, Dimo"]
[Black "Unat, Can Haktan"]
[Result "1/2-1/2"]
[WhiteElo "2123"]
[BlackElo "2130"]
[Annotator "TA"]
[PlyCount "179"]
[EventDate "2020.10.31"]
[EventType "swiss"]
[SourceTitle "playchess.com"]
[Source "ChessBase"]
[SourceQuality "1"]

{[%evp 14,179,29,26,21,22,37,38,17,30,31,40,31,33,82,76,142,-46,-42,-62,-52,-50,-14,-8,0,0,0,0,0,-87,-65,-115,-99,-88,-94,-100,-116,-125,-113,-142,-145,-163,-119,-158,-107,-113,-112,-154,-163,-164,-114,-164,-86,-86,-72,-90,-40,-55,0,-90,-25,-72,22,-198,-196,-176,-183,-133,-56,-55,-44,-62,-44,-44,-50,-60,-43,-36,0,0,0,0,0,-188,-187,-562,-748,-597,-282,-376,-157,-146,-82,-222,-229,-200,0,0,0,0,0,0,0,0,0,0,0,0,0,0,0,0,0,-440,-424,-412,-331,-384,-364,-606,-606,-1471,-1362,-1711,-1710,-1530,-1525,-29976,-29974,-29979,-29980,-29980,-29981,-29981,-29982,-29982,-29983,-29984,-29984,-29984,-29985,-29985,-29986,-29986,-29986,-29986,-8,-8,-8,-8,-8,-8,-8,-8,-8,-8,-8,-8,0,-8,-8,-8,-8,-8,-8,-8,-8,-8]} 1. e4 e5 2. Nf3 Nc6 3. Bc4 Bc5 4. O-O Nf6 5. d3 d6 6. c3 a6 7. Bb3 {7.Bb3 has become a bit dusty these days.} Ba7 8. Nbd2 h6 {C54: Giuoco Piano: 4 c3 Nf6, main lines with 5 d4 and 5 d3.} 9. Re1 g5 10. Nf1 g4 {White is slightly better.} 11. N3d2 h5 12. Nc4 h4 13. Be3 h3 14. g3 $1 d5 (14... b5 $142) 15. Ncd2 $2 (15. exd5 $1 $16 Qxd5 16. f3 $1 {[%mdl 512]} gxf3 17. Qd2 f2+ 18. Qxf2 Qg2+ 19. Qxg2 hxg2 20. Kxg2) 15... d4 $1 $36 {[%cal Rd4e3][%mdl 2048] Black is pushing.} 16. Bg5 Rh5 {[#]} 17. Bh4 $146 ({Predecessor:} 17. Bxf6 Qxf6 18. c4 Bd7 19. Ba4 Bc5 20. a3 Be7 21. b4 Kf8 22. f3 a5 23. Bxc6 bxc6 24. fxg4 {0-1 (32) El Debs,F (2544)-Bachmann,A (2621) Buenos Aires 2018}) 17... Rxh4 18. gxh4 Nh5 19. Bd5 $1 Qxh4 {aiming for ...dxc3.} 20. Bxc6+ $1 bxc6 21. c4 (21. cxd4 $1 $11 Bxd4 22. Ne3) 21... Bc5 {[%mdl 1024] Black has strong compensation.} 22. Qa4 Bd7 23. Ng3 Nf4 24. Qc2 Qf6 25. a3 a5 26. b3 Ng2 27. Rf1 Nh4 28. Qd1 Qh6 (28... Bf8 $142 29. f3 Bh6) 29. Kh1 $17 Be7 30. Qe2 Bg5 $1 {[%cal Rg5d2]} 31. Ra2 Kf8 32. Rfa1 Ng2 (32... c5 $1 $19 33. Rf1 Rb8) 33. Ndf1 Nf4 34. Qd1 Qf6 35. b4 a4 (35... c5 $15) 36. Rb2 (36. f3 $1 $11 {keeps the balance.}) 36... Rb8 (36... Bh6 $17) 37. Rab1 Kg8 (37... Bh4 $17) 38. Nf5 $2 (38. f3 $1 $11) 38... Bxf5 $19 39. exf5 Qxf5 40. Ng3 Qe6 (40... Qxd3 $17 41. Qxg4 Kh8) 41. Ne4 $15 Be7 42. f3 $1 f5 43. Ng3 $1 Qg6 44. fxg4 fxg4 45. Ne4 Rf8 46. Rf2 $1 Bh4 47. Rf1 Kh7 48. Rg1 $2 (48. b5 $11 {and White stays safe.}) 48... Ng2 $1 $19 49. Rb2 $2 (49. Rf1 {is a better chance.} Ra8 50. c5) 49... Ne3 50. Qe2 Qf5 (50... Rf4 $142 {And now ...Rxe4 would win.} 51. Rc1 Rxe4 52. dxe4 Qxe4+ 53. Kg1 d3) 51. b5 cxb5 (51... Qf3+ $19 52. Qxf3 gxf3) 52. cxb5 $17 Rf7 ({Better is} 52... Qf3+ 53. Qxf3 gxf3) 53. b6 (53. Nd2 $17 {keeps fighting.}) 53... cxb6 $19 54. Rxb6 Qf3+ $2 (54... Rc7 $1 $19 {[%cal Rc7c2] Hoping for ...Rc2.} 55. Rb2 Qf8) 55. Qxf3 $11 gxf3 56. Rgg6 $1 {[%cal Rg6h6] With the idea Rh6+.} f2 57. Rh6+ Kg7 {[%cal Rf2f1]} 58. Rhg6+ Kh7 (58... Kf8 $5 59. Rb8+ $8 Ke7 60. Rb7+ Kf8 61. Rb8+ Bd8 $1 {[%mdl 512]} 62. Nxf2 Rxf2 63. Rxd8+ Kf7 $11) 59. Rh6+ Kg8 {[%cal Rf2f1]} 60. Rhg6+ Rg7 {[#]} (60... Kf8 $5 61. Rb8+ $8 {[#]} Bd8 $1 {[%mdl 512]} 62. Nxf2 Rxf2 63. Rxd8+ Kf7 $11) 61. Nxf2 $1 {[%mdl 512]} Bxf2 62. Rxg7+ Kxg7 63. Re6 $2 {[%mdl 8192]} (63. Rg6+ $11 {and White is okay.} Kh7 64. Rh6+ Kg8 65. Rg6+ Kf7 66. Rf6+ Kxf6) 63... Be1 $19 64. Rxe5 Kf6 65. Re4 Bc3 66. Kg1 $2 (66. Rh4 Bb2 67. Rxh3) 66... Nc2 67. Kf2 Nxa3 68. Re8 Nc2 69. Ra8 a3 70. Ke2 Bb2 71. Ra4 {[#]} Nb4 $1 {[%mdl 576] Promotion} 72. Rxb4 {[%mdl 4096] Endgame KR-KB} a2 73. Ra4 a1=Q 74. Rxa1 Bxa1 {KB-KPP} 75. Kf3 Kg5 76. Kg3 Bc3 77. Kf3 Be1 78. Ke4 Kg4 79. Kxd4 Bg3 $2 (79... Bd2 {mates} 80. Kc5 Bf4 81. Kd4 Bxh2 82. Kc4 Bg1 83. Kd5 h2 84. d4 h1=Q+ 85. Kc5 Qb7 86. Kc4 Qc6+ 87. Kd3 Kf3 88. d5 Qc1 89. d6 Bc5 90. d7 Bb4 91. Kd4 Qf4+ 92. Kd5 Qe4#) 80. Ke3 $1 $11 {The position is equal.} Bxh2 {KB-KP} (80... Bc7 $5) 81. Kf2 Kf4 82. d4 Ke4 {[#]} 83. d5 $1 {[%mdl 512]} Kxd5 84. Kf3 {[#]} Bf4 $1 85. Kf2 (85. Kxf4 h2) 85... Bh2 86. Kf3 Be5 87. Kf2 Ke4 {( -> ...Bh2)} 88. Kg1 Kf3 89. Kh1 Kg3 90. Kg1 {Whites escaped into a draw. Av CentiPawn Loss W=-52/B=-32. Weighted=-44/-24} 1/2-1/2